Central Library OPAC University of Rajshahi

Great morning : (Record no. 77289)

MARC details
000 -LEADER
fixed length control field 00695cam a22002411a 4500
001 - CONTROL NUMBER
control field 77289
003 - CONTROL NUMBER IDENTIFIER
rucl marc code BD-RjUL
005 - DATE AND TIME OF LATEST TRANSACTION
control field 20211209082944.0
008 - FIXED-LENGTH DATA ELEMENTS--GENERAL INFORMATION
fixed length control field 200311s1948 enk 000 0 eng d
035 ## - SYSTEM CONTROL NUMBER
System control number (BD-RjUL)77514
System control number 369400
040 ## - CATALOGING SOURCE
Original cataloging agency ANL
Language of cataloging eng
Transcribing agency ANL
041 ## - LANGUAGE CODE
Language code of text/sound track or separate title eng
082 ## - DEWEY DECIMAL CLASSIFICATION NUMBER
Edition number 19
Classification number 821.092
Author mark and year GRE 1948
100 1# - MAIN ENTRY--PERSONAL NAME
Personal name Sitwell, Osbert,
Dates associated with a name 1892-1969.
9 (RLIN) 240711
245 10 - TITLE STATEMENT
Title Great morning :
Remainder of title being the third volume of left hand, right hand : an autobiography.
260 ## - PUBLICATION, DISTRIBUTION, ETC. (IMPRINT)
Place of publication, distribution, etc. London :
Name of publisher, distributor, etc. Macmillan,
Date of publication, distribution, etc. 1948.
300 ## - PHYSICAL DESCRIPTION
Pagination viii, 323 p. :
Illustrations ports. ;
Size 23 cm.
600 10 - SUBJECT ADDED ENTRY--PERSONAL NAME
Personal name Sitwell, Osbert,
Dates associated with a name 1892-1969.
942 ## - ADDED ENTRY ELEMENTS (KOHA)
Source of classification or shelving scheme Dewey Decimal Classification
Koha item type Books
Holdings
Lost status Source of classification or shelving scheme Damaged status Not for loan Collection code Permanent Location Current Location Shelving location Date acquired Source of acquisition Cost, normal purchase price Total Checkouts Full call number Date last seen Copy number Koha item type
  Dewey Decimal Classification     Non-fiction Central Library, University of Rajshahi Central Library, University of Rajshahi   01/05/1965 Zetlinger 21.00   821.092 GRE 1948 11/03/2020 C-2 Books
  Dewey Decimal Classification     Non-fiction Central Library, University of Rajshahi Central Library, University of Rajshahi   25/10/1965 B.H. Blackwell 21.00   821.092 GRE 1948 11/03/2020 C-1 Books